The Cambridge history of Southeast Asia /

Bibliographic Details
Main Author: Tarling, Nicholas
Format: Book
Language:English
Published: Cambridge ; New York : Cambridge University Press, 1992.
Subjects:

MARC

Tag First Indicator Second Indicator Subfields
LEADER 00000cam a22000008a 4500
001 in00001103549
005 20161019161323.0
008 910305s1992 enk b 001 0 eng
010 |a  91008808  
020 |a 0521355052 
020 |a 0521355060 (v. 2) 
035 |a (OCoLC)23355312 
035 |9 AFU7598AM 
040 |a DLC  |c DLC  |d COV  |d AUT  |d TXA  |d UtOrBLW 
043 |a as----- 
049 |a TXAM 
050 0 0 |a DS525  |b .T37 1993 
082 0 0 |a 959  |2 20 
090 |a DS525  |b .T37 1992 
100 1 |a Tarling, Nicholas. 
245 1 4 |a The Cambridge history of Southeast Asia /  |c edited by Nicholas Tarling. 
263 |a 9303 
264 1 |a Cambridge ;  |a New York :  |b Cambridge University Press,  |c 1992. 
300 |a 2 volumes :  |b illustrations ;  |c 24 cm. 
336 |a text  |b txt  |2 rdacontent 
337 |a unmediated  |b n  |2 rdamedia 
338 |a volume  |b nc  |2 rdacarrier 
504 |a Includes bibliographical references and index. 
505 1 |a v. 1. From early times to c 1800 -- v. 2. The nineteenth and twentieth centuries. 
651 0 |a Southeast Asia  |x History. 
999 |a MARS 
999 f f |s cca9c483-10fd-3901-8142-c61a14b87e44  |i c44ec64b-d759-3dc5-a854-b6f3da52f4c6  |t 0 
952 f f |p storage  |a Texas A&M University  |b J.J. Pickle Campus  |c High Density Repository  |d Remote Storage  |t 0  |e DS525 .T37 1992  |h Library of Congress classification  |i unmediated -- volume  |k v.2  |m A14816879464 
952 f f |p storage  |a Texas A&M University  |b J.J. Pickle Campus  |c High Density Repository  |d Remote Storage  |t 0  |e DS525 .T37 1992  |h Library of Congress classification  |i unmediated -- volume  |k v.1  |m A14815728652 
998 f f |a DS525 .T37 1992  |s v.1-v.2  |t 0  |l Remote Storage